Prueba de Tailandia - Estadísticas

Estadísticas generales
  • Esta prueba ha sido intentada 1.587 veces
  • La puntuación promedio es 11 de 20
Estadísticas de respuestas
Pista Respuesta % Correcto
Capital Bangkok
96%
Países que limitan con Tailandia Laos
91%
Países que limitan con Tailandia Camboya
89%
Países que limitan con Tailandia Myanmar
87%
La religión más común Budismo
85%
Tipo de desastre natural que se produjo en 2004 Tsunami
84%
Países que limitan con Tailandia Malasia
83%
El cultivo más plantado Arroz
76%
En Tailandia, es un grave delito insultar a esta persona El rey
69%
La península donde se encuentra Tailandia Indochina
55%
Animal sagrado {Elefante} Blanco
48%
Río principal en la frontera oriental de Tailandia Mekong
43%
Nombre anterior de Tailandia en español Siam
40%
Moneda de Tailandia Baht
29%
El segundo grupo étnico más grande Han chino
25%
Fideos de arroz salteados que a menudo se llaman el plato nacional de Tailandia Pad Thai
25%
Deporte nacional Muay Thai
20%
La isla más grande, un lugar turístico importante Phuket
20%
Mar al oeste de Tailandia Mar de Andamán
17%
Nombre de la capital en tailandés (versión corta) Krung Thep
10%
No se encontraron pruebas coincidentes
Distribución de puntuación
Porcentaje de gente con cada puntuación
Porcentaje por número respondido
Historial de tus puntuaciones
No has intentado esta prueba.